Score 0/7 Timer 03:00
1 Play Today
Question Answer Wrong Answers
This American singer and musician, best known for her rendition of the song ‘Respect’, is born.
1942
Aretha Franklin
90.4%
Diana Ross
2.2%
Patti LaBelle
1.4%
Dionne Warwick
2.7%
This English singer-songwriter and pianist, who was knighted by Queen Elizabeth II in 1998, is born.
1947
Elton John
89.9%
Rod Stewart
2.2%
Elvis Costello
1.1%
George Michael
1.3%
The European Union's Veterinarian Committee bans the export of British beef and its by-products as a result of ______ (Bovine spongiform encephalopathy).
1996
Mad Cow Disease
83.5%
Foot-in-Mouth Disease
6%
Bubonic Plague
1.7%
Rabies
1.3%
This country begins an extensive deportation campaign known as the March Deportation. More than 90,000 ‘enemies of the people’ from the Baltics were deported to forced settlements.
1949
Soviet Union
67.6%
Ukraine
10%
Poland
7.6%
Belarus
7.5%
In Augusta, Georgia, Horton Smith wins the first ever ______ Golf Tournament.
1934
Masters
63.9%
US Open
20.7%
British Open
2.3%
PGA Championship
11%
This well-known American sports broadcaster, who rose to prominence covering boxer Muhammad Ali, is born.
1918
Howard Cosell
62%
Al Michaels
12%
Vin Scully
9.5%
Dick Enberg
15.2%
Sir Walter Raleigh is granted a patent to colonize Virginia. Though he never traveled to North America, he sent others to found this ‘Lost Colony’.
1584
Roanoke
55.5%
Jamestown
28.2%
Plymouth
12.8%
Portsmouth
3.4%
Remove Ads.
Support Sporcle.
Get the best of Sporcle when you Go Orange. This ad-free experience offers more features, more stats, and more fun while also helping to support Sporcle. Thank you for becoming a member.

You're not logged in!

Compare scores with friends on all Sporcle quizzes.
OR
Log In

Show Comments

Extras

Top Quizzes Today


Score Distribution

Your Account Isn't Verified!

In order to create a playlist on Sporcle, you need to verify the email address you used during registration. Go to your Sporcle Settings to finish the process.

Report this User

Report this user for behavior that violates our Community Guidelines.

Details: